Safal gunaatmak anusandhaan: Naye shodhkartaon ke liya vyavharik margdarshan (Record no. 34639)

MARC details
000 -LEADER
fixed length control field 00485nam a2200169Ia 4500
008 - FIXED-LENGTH DATA ELEMENTS--GENERAL INFORMATION
fixed length control field 230917s9999||||xx |||||||||||||| ||und||
020 ## - ISBN
Price RS550
040 ## - CATALOGING SOURCE
-- 251018
Original cataloging agency VIVEKANANDA LIBRARY
041 ## - Language
-- English
082 ## - DDC NUMBER
Classification number 300.72 B738S
100 ## - MAIN ENTRY--PERSONAL NAME
Personal name Braun, Virginia
245 #0 - TITLE STATEMENT
Title Safal gunaatmak anusandhaan: Naye shodhkartaon ke liya vyavharik margdarshan
260 ## - PUBLICATION, DISTRIBUTION, ETC. (IMPRINT)
Place of publication, distribution, etc New Delhi
Name of publisher, distributor, etc Sage
Date of publication, distribution, etc 2018
300 ## - PHYSICAL DESCRIPTION
Pages xi, 345 p.
500 ## - GENERAL NOTE
General note 4422 19/01/2022 FP19/177 18/03/2019 Main Budget
942 ## - ADDED ENTRY ELEMENTS (KOHA)
Koha item type Books
Holdings
Withdrawn status Lost status Damaged status Not for loan Location (home branch) Sublocation or collection (holding branch) Date acquired Koha issues (times borrowed) Koha full call number Accession No. Koha date last seen Koha item type
        VIVEKANANDA LIBRARY VIVEKANANDA LIBRARY 15/04/2019   300.72 B738S 383144 17/09/2023 Books
        VIVEKANANDA LIBRARY VIVEKANANDA LIBRARY 15/04/2019   300.72 B738S 385805 17/09/2023 Books
        VIVEKANANDA LIBRARY VIVEKANANDA LIBRARY 15/04/2019   300.72 B738S 385806 17/09/2023 Books
        VIVEKANANDA LIBRARY VIVEKANANDA LIBRARY 15/04/2019   300.72 B738S 385807 17/09/2023 Books
        VIVEKANANDA LIBRARY VIVEKANANDA LIBRARY 15/04/2019   300.72 B738S 389562 17/09/2023 Books
        VIVEKANANDA LIBRARY VIVEKANANDA LIBRARY 15/04/2019   300.72 B738S 389563 17/09/2023 Books
        VIVEKANANDA LIBRARY VIVEKANANDA LIBRARY 15/04/2019   300.72 B738S 389564 17/09/2023 Books
        VIVEKANANDA LIBRARY VIVEKANANDA LIBRARY 15/04/2019   300.72 B738S 389565 17/09/2023 Books
        VIVEKANANDA LIBRARY VIVEKANANDA LIBRARY 15/04/2019   300.72 B738S 389566 17/09/2023 Books
© Designed and Maintained by Vivekananda Library, MDU Rohtak